Villes hôtes des Jeux Olympiques d'été - Carte quiz - Statistiques

Statistiques générales
  • Ce quiz a été pris 112 fois
    110 depuis la dernière actualisation
  • Le résultat moyen est 20 sur 23
Réponses sur la Carte
Les réponses sont colorées sur une échelle allant du rouge au vert en fonction du pourcentage des utilisateurs qui les ont devinées à leur premier essai. Vous pouvez retrouver ces pourcentages ci-dessous.
 
Statistiques - réponses
Année Ville % Correct
19081948 2012 Londres
99%
19001924 2024 Paris
99%
1960 Rome
98%
1992 Barcelone
97%
19321984 Los Angeles
97%
2016 Rio de Janeiro
97%
19642020 Tokyo
97%
18962004 Athènes
96%
1968 Mexico
96%
1980 Moscou
95%
2008 Pékin
94%
2000 Sydney
94%
1936 Berlin
92%
1928 Amsterdam
90%
1952 Helsinki
87%
1988 Séoul
86%
1912 Stockholm
84%
1972 Munich
79%
1976 Montréal
77%
1996 Atlanta
75%
1956 Melbourne
74%
1920 Anvers
68%
1904 Saint Louis
44%
Aucun quiz correspondant
Distribution des résultats
% des personnes avec chaque résultat
Percentile par nombre de réponses
Votre historique - résultats
Vous n’avez pas pris ce quiz depuis la dernière actualisation